| 000 | 00597nam a22001937a 4500 | ||
|---|---|---|---|
| 003 | CEME | ||
| 005 | 20210628205654.0 | ||
| 008 | 210312b xxu||||| |||| 00| 0 eng d | ||
| 020 | _a0-88415-186-7 | ||
| 040 | _c. | ||
| 082 | _a660.283 ESC | ||
| 100 |
_aEscoe, A. Keith _976576 |
||
| 245 | _aMechanical design of process systems piping and pressure vessels | ||
| 250 | _a2ND | ||
| 260 |
_aHOUSTON _bGULF PUBLISHING _c1994 |
||
| 300 | _a373P, VOL-1 | ||
| 650 |
_aCHEMICAL PLANTS-DESIGN AND CONSTRUCTION PRESSURE VESSELS-PIPING ENGINEERING MECHANICS-PRESSURE VESSELS _976577 |
||
| 942 |
_cBK _2ddc |
||
| 999 |
_c581940 _d581940 |
||